LEADER 01225nam a2200301 a 4500 001 000000133753 003 CaOOAMICUS 005 20130506140939.0 008 130506s2005 it u000 u ita r 020 $a88-315-2975-7 040 $aPUL$bita 082 04$a155 100 1 $aBassanetti, Andreana.$0(OLS)http://pul/name/86168 245 10$aPerchč mio figlio? :$bElaborazione del lutto per una nuova feconditą /$cAndreana Bassanetti. 260 $aMilano :$bPaoline,$c©2005. 300 $a199 p. ;$c20 cm 490 1 $aFigli in cielo ;$v08 504 $aBibliografia in nota. 650 4$aMorte$xAspetti psicologici.$0(OLS)http://pul/subject/23689 830 0$aFigli in cielo ;$v08.$0(OLS)http://pul/title/169065 850 $aPUL 852 $aPUL$W1$xDP2 Filosofia 3$y112$m155 BASAN 1$j153727$qDDC 21$B153302$CPULBib$Z2$F153302 $H102389 $82 941 1 $a9 996 $6020$a88-315-2975-7$9(OLS)http://pul/number/152583 996 $6082$a155$9(OLS)http://pul/classification/694 996 $6245$aPerchč mio figlio? :$bElaborazione del lutto per una nuova feconditą$9(OLS)http://pul/title/169064 996 $6260$aMilano :$bPaoline$9(OLS)http://pul/publisher/60808 LEADER 01170namaa2200289 i 4500 001 000000177389 003 CaOOAMICUS 005 20241029115241.0 007 tu 008 241029s2015 it 000 u ita r 040 $aPUL$bita$erda 082 0 $a265.94 110 0 $aAssociazione Internazionale Esorcisti$eautore.$0(OLS)http://pul/name/113204 245 10$aAtti convegno internazionale 20-25 ottobre 2014 'Fraterna domus'- Roma /$cAssociazione Internazionale Esorcisti. 264 1$aRoma :$b[s.n.],$c2015. 300 $a222 pagine ;$c23 cm 336 $atesto$btxt$2rdacontent 337 $asenza mediazione$bn$2rdamedia 338 $avolume$bnc$2rdacarrier 650 4$aEsorcismi.$0(OLS)http://pul/subject/12938 850 $aPUL 852 $aPUL$W1$xSL Religione 3$y85$m265.94 ASIES 2$j201344$qDDC 21$B206341$CPULBib$Z2$F206341 $H137463 $82 941 1 $a9 996 $6082$a265.94$9(OLS)http://pul/classification/1873 996 $6245$aAtti convegno internazionale 20-25 ottobre 2014 'Fraterna domus'- Roma$9(OLS)http://pul/title/218902 996 $6264$aRoma :$b[s.n.]$9(OLS)http://pul/publisher/47958